Catálogo
 En Linea

Cuarto alquilado / (Registro nro. 24956)

Detalles MARC
000 -CABECERA
campo de control de longitud fija 00607nam a2200181 a 4500
001 - NÚMERO DE CONTROL
campo de control 000025464
005 - FECHA Y HORA DE LA ÚLTIMA TRANSACCIÓN
campo de control 20200930023816.0
008 - DATOS DE LONGITUD FIJA--INFORMACIÓN GENERAL
campo de control de longitud fija 110216s1989 cu r 000 p spa d
040 ## - FUENTE DE LA CATALOGACIÓN
Centro catalogador/agencia de origen DO-SdBNP
Lengua de catalogación spa
Centro/agencia transcriptor BNPHU
082 ## - NÚMERO DE LA CLASIFICACIÓN DECIMAL DEWEY
Número de clasificación NNN
Número de documento/Ítem Q7c
049 ## - FONDOS LOCALES (OCLC)
Fondos de biblioteca BNGR
100 1# - ENTRADA PRINCIPAL--NOMBRE DE PERSONA
Nombre de persona Quiñones, Alfonso
Fechas asociadas al nombre 1959-
9 (RLIN) 46180
245 10 - MENCIÓN DE TÍTULO
Título Cuarto alquilado /
Mención de responsabilidad, etc. Alfonso Quiñones ; edición Luis Marré.
260 ## - PUBLICACIÓN, DISTRIBUCIÓN, ETC.
Lugar de publicación, distribución, etc. Ciudad de La Habana :
Nombre del editor, distribuidor, etc. Unión de Escritores y Artistas de Cuba,
Fecha de publicación, distribución, etc. 1989.
300 ## - DESCRIPCIÓN FÍSICA
Extensión 75, [2] p. ;
Dimensiones 18 cm.
586 ## - NOTA DE PREMIOS
Nota de premios Premio especial XX aniversario del concurso Davíd, 1987
700 1# - PUNTO DE ACCESO ADICIONAL--NOMBRE DE PERSONA
Nombre de persona Marré, Luis
Término indicativo de función/relación ed.
9 (RLIN) 17357
Existencias
Estado de retiro Estado de pérdida Restricciones de uso No para préstamo Código de colección Localización permanente Ubicación/localización actual Ubicación en estantería Fecha de adquisición Número de inventario Total de préstamos Signatura topográfica completa Código de barras Fecha visto por última vez Precio válido a partir de Tipo de ítem Koha
        Monografías: Libros y Folletos General General En catalogación 16.02.2011 LF1   NNN Q7c 25464-10 25.06.2020 25.06.2020 Préstamo en sala

Con tecnología Koha